Measurement and evaluation in the classroom,

Saved in:
Bibliographic Details
Main Author: Nelson, Clarence Herbert, 1909-
Format: Book
Language:English
Published: [New York] Macmillan [1970]
Subjects:
LEADER 00870nam a2200229 4500
001 c000318064
003 CARM
005 00000000000000.0
008 691219s1970 nyu b 00010 eng
019 1 |a 525667  |z 45993305  |z 23869413  |5 LACONCORD2021 
035 |a (OCoLC)46890  |5 LACONCORD2021 
050 0 0 |a LB1131  |b .N32 
100 1 |a Nelson, Clarence Herbert,  |d 1909- 
245 1 |a Measurement and evaluation in the classroom,  |c by Clarence H. Nelson. 
260 |a [New York]  |b Macmillan  |c [1970] 
300 |a viii, 130 p.  |c 22 cm. 
504 |a Bibliography: p. 129-130. 
650 0 |a Educational tests and measurements. 
852 8 |b CARM  |h A1:AL19B0  |i B10392  |p 0465148  |f BK 
082 0 4 |a 371.26 
999 f f |i 91e8cfee-fc19-5875-85c4-81287a3de1d1  |s 4c1ea9ce-93e0-5b92-8433-813aafc4c129 
952 f f |p Can circulate  |a CAVAL  |b CAVAL  |c CAVAL  |d CARM 1 Store  |e B10392  |f A1:AL19B0  |h Other scheme  |i book  |m 0465148